| 000 | 00521nam a2200193Ia 4500 | ||
|---|---|---|---|
| 003 | STCL | ||
| 008 | 230726s9999 xx 000 0 und d | ||
| 020 |
_a817007880 _qHB |
||
| 040 |
_aSTCL _cSTCL _bEN |
||
| 082 | _222 | ||
| 100 | _aGoel, B B | ||
| 245 | 0 | _aProject management: principles and techniques | |
| 246 | _aProject management: principles and techniques | ||
| 260 |
_bDeep and Deep Publications Pvt Ltd _aNew Delhi _c2022 |
||
| 300 | _a496 p | ||
| 365 | _b1550 | ||
| 546 | _aEnglish | ||
| 942 |
_2DDC _e22 _cBKDDC |
||
| 999 |
_c89146 _d89146 |
||